000 01145nam a2200265 a 4500
001 BRCA_4554
005 20190320204721.0
008 230910s1943----mx-b######---#000-0#spa-#
041 _aspa
044 _amx
050 4 _aG62
_b.E87 1943
245 1 0 _aPublicación especial de la Sociedad Mexicana de Geografía y Estadística.
260 _aMéxico
_bSociedad Mexicana de Geografía y Estadística : Secretaría de Agricultura y Fomento : Instituto Panamericano de Geografía e Historia
_c1943
300 _a104 p.
_bil., mapas
_c29 cm.
440 0 _aBoletín de la Sociedad Mexicana de Geografía y Estadística
_vjunio 1942-1943
_911532
500 _aTítulo de cubierta: Estudios de geografía: ciclo de conferencias sustentadas en el ejercicio social 1942-1943
500 _aBoletín inventariado por Banco de México como libro
500 _aCFG50
610 2 4 _aSociedad Mexicana de Geografía y Estadística
_97456
650 1 4 _aGeografía
_xDiscursos, ensayos, conferencias
_zMéxico
_911533
650 1 4 _aGeografía
_xSociedades
_zMéxico
_911534
700 1 _aPeña, Estanislao
_eprologo
_911535
902 _aGFM
942 _2lcc
_cB
999 _c4260
_d4260